| 000 | 00555nam a22002057a 4500 | ||
|---|---|---|---|
| 001 | 00028870 | ||
| 005 | 20260423192755.0 | ||
| 008 | 260423b ag ||||| |||| 00| 0 spa d | ||
| 020 | _a8475839916 | ||
| 040 |
_aAR-CcCEOS _bspa _cAR-CcCEOS |
||
| 041 | _aspa | ||
| 080 | _a94(48) | ||
| 090 | _bVIK v.2 | ||
| 245 |
_aLos vikingos : _bOrĂgenes de la cultura escandinava : Volumen II |
||
| 264 |
_aBarcelona : _bFolio, _cc1995. |
||
| 300 |
_a240 p. ; _c24x18 cm. |
||
| 490 | _vAtlas culturales del mundo. | ||
| 655 | 0 |
_aarte _9138 |
|
| 942 |
_2udc _cBK _n0 |
||
| 999 |
_c28912 _d28912 |
||